000 00539nmm a2200181Ia 4500
008 251105s9999||||xx |||||||||||||||||und||
020 _a8484296008
041 _aspa
100 _aMiras Mestres, Mariana
245 0 _aFactores psicológicos implicados en el aprendizaje escolar
264 _a[Madrid, España] :
_bUOC Papers,
_c2002
300 _a74 páginas
650 _aEducation
700 _aMiras Mestres, Mariana
700 1 _a Onrubia Goñi, Javier
856 _uhttps://public.digitaliapublishing.com/a/5739
942 _cCF
999 _c68877
_d68877